00785nam a2200217 i 4500001001000000003000900010005001700019007000300036008004100039040003000080082001900110100004000129245009300169264005500262300005900317336002700376337003300403338002800436500007100464504003200535000025496DO-SdBNP20241112133856.0ta110217s2000 dr abc 000 0 spa d aDO-SdBNPbspacBNPHUerda axxxbS211a2221 aSánchez Javier, Leónidaseautor14aLos Arabes y sus descendientes en la República Dominicana :bun enfoque sociocultural. aSanto Domingo :bFondo Editorial Cooprouni,c2000. a163 páginas :bilustracion, retrato., mapa ;c23 cm. ardacontentbtexto2txt ardamediabsin mediación2n ardacarrierbvolumen2nc aIncluye datos biográficos del autor en la solapa de las cubierta aBibliografía : p. 159-163